000 01048nmc a2200325 a 4500
003 AR-BaBNM
005 20251128204753.0
008 195119s1993 ||||||||||||||000 | spa||
020 _a84-87567-52-5
040 _cAR-BaBNM
100 1 _aBenett, Dean B.
245 1 0 _aEvaluación de un programa de educación ambiental
_bguía práctica para el profesor
250 _a1ª ed.
260 _aBilbao
_bLos Libros de la Catarata
_c1993
300 0 _a88 p.
_bcuadros, il., tablas
490 0 _aEducación ambiental
_vv. 12
500 0 _aContiene apéndices en p. 79-88
500 0 _aEsta edición cuenta con el aval del Programa Internacional de Educación Ambiental Unesco-PNUMA
500 0 _aPNUMA: Programa de las Naciones Unidas para el Medio Ambiente
650 4 _aECOLOGIA
650 4 _aCALIDAD AMBIENTAL
650 4 _aGESTION AMBIENTAL
650 4 _aMEDIO AMBIENTE NATURAL
650 4 _aMETODOS DE ENSENANZA
650 4 _aEDUCACION AMBIENTAL
650 4 _aEVALUACION
710 2 _aUNESCO
942 _cBK
998 _cGLORIA
999 _c8758
_d8758